• 首页
  • 本馆介绍
  • 公告通知
  • 最新文献
  • 馆藏检索
  • 电子资源
  • 读者导购
  • 参考咨询
  • 我的图书馆
  • 登录
  • 详细信息显示
  • 放入我的书架
  • 预约/预借图书
  • 作者相关作品
  • 分类相关作品
  • 丛书相关作品
  • 出版社相关作品

书目信息

  • 表格格式
  • 工作单格式
  • 卡片格式
题名:
威海剪纸艺术
    
 
作者: 林琳 , 王言昌 主编
分册:  
出版信息: 北京   新世界出版社  2012.11
页数: 215页
开本: 29cm
丛书名:
单 册:
中图分类: J528.1
科图分类:
主题词: 剪纸--民间工艺--威海 , 剪纸 , 民间工艺
电子资源:
ISBN: 978-7-5104-3517-1
000 00922nam0 2200277 450
001 006457743
005 20140609111403.10
010    @a978-7-5104-3517-1@b精装@dCNY218.00
100    @a20130129d2012 em y0chiy0110 ea
101 0  @achi@aeng
102    @aCN@b110000
105    @aa z 000yy
106    @ar
200 1  @a威海剪纸艺术@9wei hai jian zhi yi shu@dArt of paper-cutin Weihai@f林琳,王言昌主编@zeng
210    @a北京@c新世界出版社@d2012.11
215    @a215页@d29cm
330    @a本书作为民间艺术的精品力作,收纳的剪纸作品思想源远博大,感情深厚细腻,艺术纯熟精湛,是威海剪纸创作的宝贵记录。
510 1  @aArt of paper-cutin Weihai@zeng
606 0  @a剪纸@x民间工艺@y威海
606 0  @a剪纸
606 0  @a民间工艺
690    @aJ528.1@v5
701  0 @a林琳@9lin lin@c(女,@f1963~)@4主编
701  0 @a王言昌@9wang yan chang@f(1941~)@4主编
801  0 @aCN@bNLC@c20130226
905    @b547891-93@dJ528.1@e345@f3
    
    威海剪纸艺术=Art of paper-cutin Weihai/林琳,王言昌主编.-北京:新世界出版社,2012.11
    215页;29cm
    
    
    ISBN 978-7-5104-3517-1(精装):CNY218.00
    本书作为民间艺术的精品力作,收纳的剪纸作品思想源远博大,感情深厚细腻,艺术纯熟精湛,是威海剪纸创作的宝贵记录。
●
相关链接 在E读中查询图书 在五车中查询图书 在当当中查询图书 在豆瓣中查询图书


正题名:威海剪纸艺术     索取号:J528.1/345         预约/预借

序号 登录号 条形码 馆藏地/架位号 状态 备注
1 547891   205478918   第一样本阅览室/ [索取号:J528.1/345] 在馆    
2 547892   205478927   第一借阅区/ [索取号:J528.1/345] 在馆    
3 547893   205478936   密集书库-美术系/ [索取号:J528.1/345] 在馆    
唐山师范学院图书馆 欢迎您!
大连网信软件有限公司© 版权所有